Risk-Return Portfolio Level Trade-Off for Czech Banks

Skúmanie platnosti kompromisu medzi rizikom a výnosom na vzorke českých bánk v období rokov 2002-2022 analýzou vzťahu medzi bankovým rizikom a výnosmi upravenými o riziko.

Na minha lista:
Detalhes bibliográficos
Autor principal: Jankulár, Pavel
Formato: Capítulo de Livro
Idioma:inglês
Assuntos:
Tags: Adicionar Tag
Sem tags, seja o primeiro a adicionar uma tag!

MARC

LEADER 00000naa a2200000 4500
001 0300292
005 20240510125834.7
041 0 |a eng 
044 |a CZ 
245 1 0 |a Risk-Return Portfolio Level Trade-Off for Czech Banks  |c Pavel Jankulár 
520 |a Skúmanie platnosti kompromisu medzi rizikom a výnosom na vzorke českých bánk v období rokov 2002-2022 analýzou vzťahu medzi bankovým rizikom a výnosmi upravenými o riziko. 
610 2 0 |a bankovníctvo 
610 2 0 |a banky 
610 2 0 |a riziko bankové 
610 2 0 |a výnosy 
610 2 0 |a zisk 
610 2 0 |a portfólio 
610 2 0 |a analýzy 
610 2 0 |a regresia 
610 2 0 |a Česko 
100 1 |a Jankulár, Pavel